Score 0/28 Timer 04:00
1 Play Today
Clue 4-Letter Word % Correct
★ Visual Effects nominee: 'The Jungle ___' ★★BOOK★
99.2%
★ Best Picture nominee: 'La La ___' ★★LAND★
95.9%
★ Costume: 'Fantastic Beasts and Where to ___ Them' ★★FIND★
94.1%
★ Original Song nominee: '___ Stop the Feeling!' ★★CAN'T★
93.6%
The Who, e.g.BAND
92.9%
AutomobilesCARS
92.7%
Soda containersCANS
91.9%
1/100th of a dollarCENT
91.7%
The 40 days before EasterLENT
90.6%
Hit, especially on the headBONK
90.3%
★ Visual Effects nom.: 'Rogue One: A Star ___ Story' ★★WARS★
90%
CorridorHALL
88.1%
Tie, linkBOND
87.6%
★ Best Picture nominee: '___ or High Water' ★★HELL★
87.5%
Clue 4-Letter Word % Correct
The Swedish Nightingale: Jenny ___LIND
87.4%
Departed fromLEFT
87%
Of superior qualityFINE
85.8%
Thin, continuous markLINE
85.5%
Hoist or raiseLIFT
84.9%
Walk in waterWADE
83.8%
Item for saleWARE
83%
★ Documentary nominee: 'O.J.: ___ in America' ★★MADE★
82.5%
★ Documentary nominee: '___, Animated' ★★LIFE★
80.5%
Healthy, wellHALE
73.2%
Maldives capitalMALÉ
71.7%
★ Foreign Language nominee: 'Land of ___' ★★MINE★
71%
★ Documentary nominee: '___ at Sea' ★★FIRE★
59.6%
Soggy groundMIRE
58.3%

Today's Daily Dose

Remove Ads.
Support Sporcle.
Get the best of Sporcle when you Go Orange. This ad-free experience offers more features, more stats, and more fun while also helping to support Sporcle. Thank you for becoming a member.

You're not logged in!

Compare scores with friends on all Sporcle quizzes.
OR
Log In

Show Comments

Extras

Top Quizzes Today


Score Distribution

Your Account Isn't Verified!

In order to create a playlist on Sporcle, you need to verify the email address you used during registration. Go to your Sporcle Settings to finish the process.

Report this User

Report this user for behavior that violates our Community Guidelines.

Details: